000 00462nam a2200193Ia 4500
005 20240903104513.0
008 131103s9999 xx 000 0 und d
020 _cRs.1.50
040 _aLoreto College
041 _aEnglish
082 _a891.43
_bSIN
100 _aSingh, Palakdhari
245 _aShishu Bharati
_cPalakdhari Singh
260 _aKolkata
_bNalanda
_c[19?]
300 _aV.1
650 _aHindi litarature
850 _aLCBED
942 _cBK
999 _c35302
_d85781